|
|
|
|
| LEADER |
00000nab a2200000 a 4500 |
| 001 |
vtls000097138 |
| 003 |
SK-MaSNL |
| 005 |
20260304073159.0 |
| 008 |
250423c1981 xo 0 slo |
| 015 |
|
|
|a SNBRB19rr/mm-uuuuu
|
| 035 |
|
|
|a CL0107241
|
| 035 |
|
|
|a urn:nbn:sk:snk-ab1buu
|
| 035 |
|
|
|a (urnnbn)urn:nbn:sk:snk:ar-001sh3
|
| 035 |
|
|
|a (uuid)c756a6cc-1fc0-4c5a-b797-6445ad362342
|
| 040 |
|
|
|a SNKBUCL
|b slo
|c SNKBUCL
|e AACR2
|
| 041 |
0 |
|
|a slo
|
| 044 |
|
|
|a xo
|c SK
|
| 080 |
|
|
|a 792.2
|2 1981
|
| 100 |
1 |
|
|a Melichárková, Jana,
|d 1941-
|4 aut
|9 188430
|
| 245 |
1 |
0 |
|a Tartuffe v Thálii
|c Jana Melichárková
|
| 300 |
|
|
|b Obr. 2.
|
| 600 |
1 |
7 |
|a Molière,
|d 1622-1673
|t Lakomec
|2 snkbucl
|9 121061
|
| 610 |
2 |
7 |
|a Divadlo Thália (Košice, Slovensko)
|2 snkbucl
|9 31809
|
| 650 |
0 |
7 |
|a činohry
|2 snkbucl
|9 3325
|
| 650 |
0 |
7 |
|a divadelné inscenácie
|2 snkbucl
|9 3326
|
| 655 |
|
7 |
|a recenzie
|2 snkbucl
|9 21907
|
| 655 |
|
7 |
|a články z novín a časopisov
|2 snkbucl
|9 267496
|
| 773 |
0 |
|
|t Film a divadlo
|g Roč. 25, č. 17 (1981), s. 24
|
| 850 |
|
|
|a Slovenská národná knižnica
|
| 852 |
|
|
|a Slovenská národná knižnica
|
| 954 |
|
|
|a odborná, vedecká literatúra pôvodná (slovenská)
|2 lita
|
| 958 |
|
|
|a article27
|
| 958 |
|
|
|a OND
|
| 958 |
|
|
|a EUIPO
|
| 992 |
|
|
|a RBX
|
| 999 |
|
|
|c 2769986
|d 2771916
|